| 000 | 00524nam a2200157Ia 4500 | ||
|---|---|---|---|
| 999 |
_c10982 _d10982 |
||
| 082 | _aTI.0029 | ||
| 100 | _aInigo, R. Maria | ||
| 245 | 0 | _aBanks' financing of small scale industries in Tamil Nadu with special reference to Sivaganga District | |
| 260 |
_c1998 _bAlagappa University |
||
| 300 | _a317p. + C D - 36 | ||
| 650 | _aBANKS AND BANKING - TAMIL NADU - SIVAGANGA | ||
| 650 | _aWORKING CAPITAL | ||
| 650 | _aSMALL SCALE INDUSTRIES - FINANCE - TAMIL NADU - SIVAGANGA | ||
| 710 | _aNeelamegam, R. | ||
| 942 |
_cTH _2ddc |
||